Statistics for Chinese places containing N/E/S/W 中國東南西北省市

Click here to take the quiz!

General Stats

  • This quiz has been taken 182 times
    (69 since last reset)
  • The average score is 15 of 21

Answer Stats

Literal meaning Answer % Correct
Northern capitalBeijing 北京
95%
Southern capitalNanjing 南京
89%
Lake southHunan 湖南
88%
Mountain westShanxi 山西
85%
Sea southHainan 海南
85%
Lake northHubei 湖北
83%
Mountain eastShandong 山东
83%
River northHebei 河北
82%
Western peaceXi'an 西安
82%
Northern TaiwanTaipei 台北
82%
River southHenan 河南
80%
Expanse eastGuangdong 广东
67%
Expanse westGuangxi 广西
67%
West of ShanzhouShaanxi 陕西
65%
South of the Ji RiverJinan 济南
59%
Cloud southYunnan 云南
59%
River westJiangxi 江西
56%
Western treasureTibet 西藏
41%
Southern tranquillityNanning 南宁
38%
Southern prosperityNanchang 南昌
36%
Western tranquilityXining 西宁
30%

Score Distribution

Percentile by Number Answered

Percent of People with Each Score

Your Score History

You have not taken this quiz since the last reset